Victoria's Secret Angels - Statistics

General Stats
  • This quiz has been taken 359 times
  • The average score is 9 of 26
Answer Stats
Hint Answer % Correct
Brazillian Present Adriana Lima
88%
Brazillian Present Alessandra Ambrosio
70%
South African Present Candice Swanepoel
63%
German Past Heidi Klum
59%
American Past Tyra Banks
59%
Australian Past Miranda Kerr
57%
Namibian Present Behati Prinsloo
53%
Brazillian Past Gisele Bundchen
52%
Dutch Present Doutzen Kroes
49%
Sweden Present Elsa Hosk
46%
American Present Lily Aldridge
40%
American Present Karlie Kloss
37%
Czech Past Karolina Kurkova
32%
Brazillian Past Izabel Goulart
23%
American Past Erin Heatherton
20%
Cayman Past Selita Ebanks
19%
American Past Lindsay Ellingson
18%
British Past Rosie Huntington-Whiteley
18%
American Past Chanel Iman
15%
American Past Marisa Miller
14%
Danish Past Helena Christensen
12%
French Past Laetitia Casta
12%
Czech Past Daniela Pestova
10%
Dutch Past Karen Mulder
9%
Argentinian Past Ines Rivero
8%
American Past Stephanie Seymour
8%
No matching quizzes found
Score Distribution
Percent of People with Each Score
Percentile by Number Answered
Your Score History
You have not taken this quiz